000 00467nam a2200133 a 4500
001 000046283
005 20201002052748.0
008 150715s19uu dr 000 0 spa d
040 _aDO-SdBNP
_bspa
_cBNPHU
245 0 0 _aFormación social dominicana desde fines de siglo pasado hasta el balaguerismo, hacia el Movimiento de Trabajadores socialistas.
260 _a[Santo Domingo] :
_b[s.n.,
_c190?].
300 _a69 p. ; :
_b22 cm.
500 _aTematica del Pre-congreso
999 _c45772
_d45772